000 00429 a2200169 4500
001 068317
003 OSt
005 20220216095634.0
008
082 _a512.5
_bJ25L
100 1 _aJanich, Klaus
245 1 _aLinear algebra
_cby Klaus Janich
260 _aNew York
_bSpringer
_c2008
300 _a203p.
653 _aAlgebras, Linear; Mathematics; Algebra, Universal
942 _2ddc
_cBK
999 _c2003
_d2003